00549cam a22001812 4500001001100000005001700011008004100028020002000069040001500089050002000104100003600124245004400160250001200204260004700216300001500263650006000278650002900338000000571420151021151105.0070626s xx 000 0 eng d a9780631215219 : aKABUcKABU 0aBT26b.M34 19991 aMcgrath, Alister E.@000015691510aReformation thought :ban introduction. a3rd ed. aOxford, UK :bBlackwell publishing,c1999. axi, 329 p. 0aTheology, DoctrinalxHistoryy16th century.@0000156916 0aReformation.@0000156917